000
00340nam a22001457a 4500
008
230605b ||||| |||| 00| 0 eng d
020
_a
9780190262983
041
_a
eng
080
_2
FOURTH EDITION
_a
574
082
_a
574DEV
100
_a
44
101
_a
ENCKI
245
_a
INTRODUCTION TO MYTHOLOGY
_c
DEVINNEY .K .M
942
_2
udc
_c
BK
999
_c
59915
_d
59915